000 00821cam a2200217 4500
001 ABS62867
008 000000n2000 000 0 eng u
035 _a(Sirsi) u108661
245 _aTop fees go to the specialist
260 _c2000
490 _aEstates Gazette
_v(0037) 16 September 2000, 144-146(3)
520 _aA 'mainly for students' article looking at the opportunities that structured training can give surveyors. Suggests that by developing areas of expertise, surveyors can gain an edge in their markets and further their careers.
590 _aABS
650 _aSTRUCTURED TRAINING
650 _aCAREERS, EDUCATION AND TRAINING
650 _aSURVEYORS
650 _aCONTINUING PROFESSIONAL DEVELOPMENT
650 _aCAREERS, EDUCATION AND TRAINING
690 _aEDUCATION-CAREERS
942 _n0
999 _c64874
_d64874